000 00259nam a22001217a 4500
008 180921b xxu||||| |||| 00| 0 eng d
041 _aeng
080 _a316
100 _a50
101 _aSOC
245 _aAnatomy of the Law
_cFuller, L.L
942 _2udc
_cBK
999 _c48212
_d48212